STUDY GUIDE CHEMISTRY (Record no. 216723)

MARC details
000 -LEADER
fixed length control field 00481nam a22001697a 4500
008 - FIXED-LENGTH DATA ELEMENTS--GENERAL INFORMATION
fixed length control field 260227b |||||||| |||| 00| 0 eng d
020 ## - INTERNATIONAL STANDARD BOOK NUMBER
International Standard Book Number 978-0-418-52849-3
100 ## - MAIN ENTRY--PERSONAL NAME
Personal name ZUMDAHL, STEVEN S.
245 ## - TITLE STATEMENT
Title STUDY GUIDE CHEMISTRY
250 ## - EDITION STATEMENT
Edition statement 7TH ED
260 ## - PUBLICATION, DISTRIBUTION, ETC.
Place of publication, distribution, etc. BOSTON
Name of publisher, distributor, etc. HOUGHTON MIFFLIN
Date of publication, distribution, etc. 2007
300 ## - PHYSICAL DESCRIPTION
Extent V, 496P
650 ## - SUBJECT ADDED ENTRY
Topical term or geographic name entry element 1. CHEMISTRY STUDY GUIDES 2. CHEMISTRY -PROBLEMS, EXERCISES ETC
700 ## - ADDED ENTRY--PERSONAL NAME
Personal name ZUMDAHL, SUSAN ARENA
942 ## - ADDED ENTRY ELEMENTS (KOHA)
Source of classification or shelving scheme Library of Congress Classification
Koha item type Long Loan Book
Holdings
Withdrawn status Lost status Source of classification or shelving scheme Damaged status Not for loan Collection Home library Current library Shelving location Date acquired Inventory number Total checkouts Full call number Barcode Date last seen Copy number Price effective from Koha item type
    Library of Congress Classification     Science & Technology Kisii University Library Kisii University Library On Display 02/27/2026 111790   QD 33.3 .Z86 2007 A000113 02/27/2026 1 02/27/2026 Long Loan Book
    Library of Congress Classification     Science & Technology Kisii University Library Kisii University Library On Display 02/27/2026 111791   QD 33.3 .Z86 2007 A000114 02/27/2026 2 02/27/2026 Long Loan Book